000 00405nam a22001457a 4500
003 OSt
005 20260324105944.0
008 211113b ||||| |||| 00| 0 eng d
040 _cAIMIT LIBRARY
100 _aPai, M Rachana; Suvaris, Roshan.
_d181721
_910323
245 _aROWSHELF /
260 _aUtthunga Technologies, Bangalore
_bRoshan Suvaris
_c2021
856 _uURL:utthunga.com
942 _2ddc
_cPRO
999 _c220554
_d220554